000 00291nam a22001337a 4500
008 170927b xxu||||| |||| 00| 0 eng d
020 _a9780972191685
041 _aeng
080 _23RD
_a37
100 _a46
101 _aEDU
245 _aTHE LEGAL WRITER
_cPAINTER,J,M
942 _2udc
_cBK
999 _c30109
_d30109